00478 2200193 4500001002100000005001500021035002000036245003900056100001800095300002000113700001200133260003100145082001000176084001600186020002200202650002200224990001900246990001900265INLIS00000000000008720191025081933 a0010-10190000101 aSejarah Indonesia /cRatna Hapsari0 aRatna Hapsari a268 :bIlus, ix0 aM. Adil aJakarta :bErlangga,c2016 a959.8 a959.8 RAT s a978-602-298-742-0 aSejarah Indonesia a20200000017951 a20200000017951